[Event "Titled Tuesday intern op 06th Feb Early"]
[Site "Chess.com INT"]
[Date "2024.02.06"]
[Round "2"]
[White "Ovezdurdiyeva, Jemal"]
[Black "Truskavetsky, Alexandr"]
[Result "0-1"]
[WhiteElo "2057"]
[BlackElo "2348"]
[PlyCount "132"]
[EventDate "2024.02.06"]
[EventType "swiss (blitz)"]
[EventRounds "11"]
[EventCountry "USA"]
[SourceTitle "CB07_2024"]
[SourceDate "2024.02.14"]
[SourceVersion "1"]
[SourceVersionDate "2024.02.14"]
[SourceQuality "1"]

1. e4 c5 2. Nf3 Nc6 3. c3 Nf6 4. Bd3 d5 5. e5 Nd7 6. Qe2 e6 7. 0-0 Qc7 8. Bc2 f6 9. exf6 Nxf6 10. d4 cxd4 11. cxd4 Bd6 12. Nc3 a6 13. Bg5 0-0 14. Rac1 Qf7 15. Ne5 Nxd4 16. Nxf7 Nxe2+ 17. Kh1 Rxf7 18. Nxe2 Bd7 19. Nc3 Raf8 20. f3 Bc6 21. Rfe1 Re8 22. Rcd1 h6 23. Bh4 g5 24. Bf2 Kg7 25. Re2 g4 26. Bh4 h5 27. Rde1 e5 28. Bb3 gxf3 29. gxf3 d4 30. Rg2+ Kf8 31. Bxf7 Kxf7 32. Ne4 Nxe4 33. fxe4 Bb5 34. Rg5 d3 35. Rf1+ Ke6 36. Rg6+ Kd7 37. Rf7+ Kc6 38. Rff6 Rd8 39. Re6 d2 40. Rg1 Rc8 41. Be7 Kd7 42. Rxd6+ Kxe7 43. Rxd2 Rc4 44. Re1 Bc6 45. Rde2 h4 46. Kg2 Rd4 47. Kf3 Rd3+ 48. Re3 Rd2 49. R1e2 Rd1 50. Rg2 h3 51. Rg7+ Kf6 52. Rh7 Bd7 53. Ke2 Bg4+ 54. Kf2 Rb1 55. Kg3 Be6 56. Rh6+ Ke7 57. Rc3 Rxb2 58. Rc7+ Kd8 59. Rg7 Rg2+ 60. Kf3 Rxg7 61. Rxe6 Rg2 62. Rb6 Kc7 63. Re6 Rxh2 64. Kg3 Re2 65. Kxh3 Rxe4 66. Kg3 Re2 0-1

[Event "Titled Tuesday intern op 19th Dec Early"]
[Site "Chess.com INT"]
[Date "2023.12.19"]
[Round "4"]
[White "Galchenko, Matvey"]
[Black "Truskavetsky, Alexandr"]
[Result "0-1"]
[WhiteElo "2438"]
[BlackElo "2348"]
[PlyCount "106"]
[EventDate "2023.12.19"]
[EventType "swiss (blitz)"]
[EventRounds "11"]
[EventCountry "USA"]
[SourceTitle "CB52_2023"]
[SourceDate "2023.12.27"]
[SourceVersion "1"]
[SourceVersionDate "2023.12.27"]
[SourceQuality "1"]

1. e4 c5 2. c3 Nf6 3. e5 Nd5 4. Nf3 d6 5. Bc4 Nb6 6. Bb3 g6 7. d4 cxd4 8. exd6 Qxd6 9. 0-0 Bg7 10. Nxd4 a6 11. Re1 0-0 12. Qf3 e5 13. Nc2 Be6 14. Be3 N8d7 15. Nd2 f5 16. Rad1 Bxb3 17. Nxb3 Qc7 18. Na5 e4 19. Qh3 Ne5 20. Nb4 Nbc4 21. Nxc4 Qxc4 22. Bd4 Rad8 23. Qg3 Nf7 24. Bxg7 Kxg7 25. b3 Qc5 26. Nc2 Ne5 27. Nd4 Qe7 28. f3 f4 29. Qh3 e3 30. Ne6+ Kf6 31. Nxd8 Rxd8 32. Qh4+ g5 33. Qh6+ Ng6 34. Rxd8 Qxd8 35. h4 gxh4 36. Qxh7 Qd2 37. Ra1 e2 38. Qxb7 e1Q+ 39. Rxe1 Qxe1+ 40. Kh2 h3 41. Qxa6+ Kg5 42. Qb5+ Kh4 43. gxh3 Qg3+ 44. Kh1 Qxf3+ 45. Kg1 Qg3+ 46. Kf1 Qxh3+ 47. Kg1 Qe3+ 48. Kf1 f3 49. a4 f2 50. Qe2 Qxe2+ 51. Kxe2 Kg3 52. a5 Kg2 53. a6 f1Q+ 0-1

[Event "Titled Tuesday intern op 19th Dec Early"]
[Site "Chess.com INT"]
[Date "2023.12.19"]
[Round "5"]
[White "Truskavetsky, Alexandr"]
[Black "Haug, Havard"]
[Result "1/2-1/2"]
[WhiteElo "2348"]
[BlackElo "2309"]
[PlyCount "204"]
[EventDate "2023.12.19"]
[EventType "swiss (blitz)"]
[EventRounds "11"]
[EventCountry "USA"]
[SourceTitle "CB52_2023"]
[SourceDate "2023.12.27"]
[SourceVersion "1"]
[SourceVersionDate "2023.12.27"]
[SourceQuality "1"]

1. d4 d5 2. c4 e6 3. Nc3 c5 4. cxd5 cxd4 5. Qxd4 Nc6 6. Qd1 exd5 7. Qxd5 Bd6 8. Nf3 Nf6 9. Qd1 0-0 10. g3 Qe7 11. Bg2 Rd8 12. Qa4 Bf5 13. 0-0 Rac8 14. Bg5 Qe6 15. Rfe1 h6 16. Bxf6 Qxf6 17. e4 Be6 18. Rad1 Ne5 19. Nxe5 Bxe5 20. Nd5 Bxd5 21. exd5 Bxb2 22. Qxa7 Rc7 23. Qe3 Rcd7 24. a4 Bc3 25. Re2 Ba5 26. Rb1 b6 27. Rc1 h5 28. h4 g6 29. Qh6 Re7 30. Rec2 Bb4 31. Rc6 Qb2 32. d6 Red7 33. Bd5 Qg7 34. Qxg7+ Kxg7 35. Rxb6 Bxd6 36. Bf3 Bf8 37. a5 Rd2 38. a6 Ra2 39. Rc7 Rdd2 40. a7 Rxa7 41. Rxa7 Bc5 42. Rbb7 Bxf2+ 43. Kh1 Bxa7 44. Rxa7 Rc2 45. Bd5 Rf2 46. Kg1 Rf5 47. Bc4 Rf6 48. Kg2 Kf8 49. Rc7 Rf5 50. Bd3 Rf6 51. Be4 Re6 52. Kf3 Rf6+ 53. Ke3 Kg7 54. Bd5 Rf1 55. Bf3 Kf8 56. Kf4 Rf2 57. Rc3 Rd2 58. Re3 Kg7 59. Rc3 Rd4+ 60. Ke5 Rd8 61. Bd5 f6+ 62. Kd4 g5 63. Ke4 Kg6 64. Rc7 Re8+ 65. Kd4 Rd8 66. Kc4 Kf5 67. Rh7 Kg4 68. hxg5 fxg5 69. Bf7 h4 70. gxh4 gxh4 71. Be6+ Kg3 72. Rg7+ Kf4 73. Rg4+ Ke5 74. Bf7 Rf8 75. Bh5 h3 76. Rg1 Rf4+ 77. Kd3 h2 78. Rh1 Rh4 79. Bf3 Kf4 80. Ke2 Kg3 81. Rc1 Rb4 82. Bh1 Rb2+ 83. Ke3 Rb3+ 84. Ke4 Rb4+ 85. Kd5 Kf2 86. Ke5 Rg4 87. Be4 Rg1 88. Rc2+ Kg3 89. Rc3+ Kh4 90. Rc8 Re1 91. Rh8+ Kg3 92. Kd4 Re2 93. Rg8+ Kf4 94. Rf8+ Kg3 95. Kd3 Re1 96. Rg8+ Kf4 97. Rf8+ Kg3 98. Rh8 Kf4 99. Rxh2 Re3+ 100. Kd2 Rxe4 101. Rh4+ Ke5 102. Rxe4+ Kxe4 1/2-1/2

[Event "RUS-ch Rapid"]
[Site "Sochi"]
[Date "2023.10.15"]
[Round "2"]
[White "Zvjaginsev, Vadim"]
[Black "Truskavetsky, Alexandr"]
[Result "1/2-1/2"]
[WhiteElo "2572"]
[BlackElo "2348"]
[PlyCount "98"]
[EventDate "2023.10.15"]
[EventType "swiss (rapid)"]
[EventRounds "11"]
[EventCountry "RUS"]
[SourceTitle "Mega2024 Update 01"]
[Source "Chessbase"]
[SourceDate "2023.11.12"]
[SourceVersion "1"]
[SourceVersionDate "2023.11.12"]
[SourceQuality "1"]

1. c4 c5 2. Nf3 Nf6 3. Nc3 e6 4. e4 Nc6 5. Be2 e5 6. d3 Be7 7. 0-0 0-0 8. a3 a6 9. b4 cxb4 10. Nd5 bxa3 11. Nxe7+ Qxe7 12. Bxa3 d6 13. d4 Nxe4 14. Bd3 Nc3 15. Qe1 e4 16. Qxc3 exf3 17. Rfe1 Qf6 18. Bb2 fxg2 19. Qd2 Bf5 20. Bxf5 Qxf5 21. d5 Ne5 22. Bxe5 dxe5 23. Qe3 Rfd8 24. Qxe5 Qxe5 25. Rxe5 Rac8 26. Rb1 Rd7 27. Kxg2 g6 28. Re4 Rc5 29. Rb6 a5 30. Re8+ Kg7 31. Ra8 Rxc4 32. Rxa5 Rd4 33. Rab5 R4xd5 34. Rxd5 Rxd5 35. Rxb7 h5 36. Rb6 g5 37. h3 Rd3 38. Ra6 f6 39. Rb6 Kg6 40. Rb5 g4 41. hxg4 hxg4 42. Ra5 f5 43. Rb5 Rd2 44. Kg3 Rd3+ 45. Kg2 Kg5 46. Ra5 Kf4 47. Ra4+ Ke5 48. Ra5+ Rd5 49. Rxd5+ Kxd5 1/2-1/2

[Event "RUS-ch Blitz"]
[Site "Sochi"]
[Date "2023.10.14"]
[Round "9"]
[White "Goltsev, Dmitry"]
[Black "Truskavetsky, Alexandr"]
[Result "1-0"]
[WhiteElo "2215"]
[BlackElo "2348"]
[PlyCount "77"]
[EventDate "2023.10.14"]
[EventType "swiss (blitz)"]
[EventRounds "13"]
[EventCountry "RUS"]
[SourceTitle "Mega2024 Update 01"]
[Source "Chessbase"]
[SourceDate "2023.11.12"]
[SourceVersion "1"]
[SourceVersionDate "2023.11.12"]
[SourceQuality "1"]

1. e4 c5 2. Nf3 d6 3. d4 cxd4 4. Nxd4 Nf6 5. Nc3 Nc6 6. Bg5 e6 7. Qd2 a6 8. Be2 Bd7 9. 0-0 Be7 10. Rad1 0-0 11. Nb3 Kh8 12. Kh1 b5 13. a3 Qc7 14. f4 Rad8 15. Bxf6 gxf6 16. Rf3 Rg8 17. Rh3 Rg7 18. Bf3 Bc8 19. Rh5 Bb7 20. Qf2 Rc8 21. Ne2 Na5 22. Nxa5 Qxa5 23. c3 Qa4 24. Nd4 Bxe4 25. b3 Bxf3 26. bxa4 Bxd1 27. Rh3 Bxa4 28. Qf3 d5 29. Rg3 Rxg3 30. hxg3 Bxa3 31. Qh5 Rc7 32. g4 Bb2 33. Qh6 Kg8 34. Qxf6 Rc8 35. Nxe6 Bxc3 36. Qg5+ Kh8 37. Nd8 Bg7 38. Nxf7+ Kg8 39. Qxd5 1-0

[Event "Sochi Pearl Rapid op"]
[Site "Sochi"]
[Date "2023.10.11"]
[Round "9"]
[White "Truskavetsky, Alexandr"]
[Black "Khripachenko, Alexander"]
[Result "1/2-1/2"]
[WhiteElo "2348"]
[BlackElo "2259"]
[PlyCount "55"]
[EventDate "2023.10.09"]
[EventType "swiss (rapid)"]
[EventRounds "11"]
[EventCountry "RUS"]
[SourceTitle "Mega2024 Update 01"]
[Source "Chessbase"]
[SourceDate "2023.11.12"]
[SourceVersion "1"]
[SourceVersionDate "2023.11.12"]
[SourceQuality "1"]

1. d4 d5 2. c4 e6 3. Nc3 Be7 4. Nf3 Nf6 5. g3 0-0 6. Bg2 dxc4 7. Ne5 c5 8. dxc5 Qxd1+ 9. Nxd1 Bxc5 10. Nxc4 Nc6 11. 0-0 Bd7 12. Nc3 Rfd8 13. Bf4 Be8 14. Rfd1 Rxd1+ 15. Rxd1 Rd8 16. Rxd8 Nxd8 17. Bc7 Nc6 18. Ne4 Nxe4 19. Bxe4 b6 20. Nd6 Bd7 21. a3 Nd4 22. e3 Nb5 23. Nxb5 Bxb5 24. b4 Be7 25. Bb8 a5 26. Bc7 axb4 27. axb4 Bxb4 28. Bxb6 1/2-1/2

[Event "Sochi Pearl Rapid op"]
[Site "Sochi"]
[Date "2023.10.09"]
[Round "2"]
[White "Alekseev, Evgeny V"]
[Black "Truskavetsky, Alexandr"]
[Result "1-0"]
[WhiteElo "2573"]
[BlackElo "2348"]
[PlyCount "99"]
[EventDate "2023.10.09"]
[EventType "swiss (rapid)"]
[EventRounds "11"]
[EventCountry "RUS"]
[SourceTitle "Mega2024 Update 01"]
[Source "Chessbase"]
[SourceDate "2023.11.12"]
[SourceVersion "1"]
[SourceVersionDate "2023.11.12"]
[SourceQuality "1"]

1. e4 c5 2. Nf3 d6 3. Bb5+ Bd7 4. c4 Nf6 5. Nc3 e6 6. d4 cxd4 7. Nxd4 Be7 8. 0-0 0-0 9. Bxd7 Nbxd7 10. b3 a6 11. Bb2 Rc8 12. Qd2 Re8 13. Rad1 Bf8 14. Rfe1 Qc7 15. h3 b6 16. Qe2 Qb7 17. Nf3 Ne5 18. Nb1 Nfd7 19. Nbd2 b5 20. Rc1 Rc7 21. Bxe5 dxe5 22. cxb5 Rxc1 23. Rxc1 axb5 24. Rc2 f6 25. Ne1 Bc5 26. Nd3 Ba7 27. b4 Rc8 28. Qd1 Rxc2 29. Qxc2 Kf7 30. Kf1 g6 31. a4 bxa4 32. Qxa4 Ke7 33. b5 Qb6 34. Nb3 f5 35. Na5 Kf6 36. Nc6 Bb8 37. Ke2 Bd6 38. Qc4 Nc5 39. Ncxe5 Bxe5 40. Qxc5 Qxc5 41. Nxc5 Bd4 42. Nb3 Ba7 43. Nd2 Ke5 44. b6 Bb8 45. Kd3 Kd6 46. Nb3 e5 47. f3 Kc6 48. Kc4 Kxb6 49. Kd5 Kb5 50. Nc5 1-0

[Event "Kerkinitida Cup Blitz"]
[Site "Evpatoria"]
[Date "2023.09.03"]
[Round "11"]
[White "Khripachenko, Alexander"]
[Black "Truskavetsky, Alexandr"]
[Result "1-0"]
[WhiteElo "2259"]
[BlackElo "2348"]
[PlyCount "79"]
[EventDate "2023.09.03"]
[EventType "swiss (blitz)"]
[EventRounds "13"]
[EventCountry "UKR"]
[SourceTitle "EXT 2024"]
[Source "ChessBase"]
[SourceDate "2023.10.10"]
[SourceVersion "1"]
[SourceVersionDate "2023.10.10"]
[SourceQuality "1"]

1. e4 c5 2. Nf3 d6 3. d4 cxd4 4. Nxd4 Nf6 5. Nc3 Nc6 6. Bg5 e6 7. Qd3 a6 8. 0-0-0 Be7 9. Nxc6 bxc6 10. e5 Nd5 11. Bxe7 Qxe7 12. Qg3 dxe5 13. Nxd5 exd5 14. Qxg7 Rf8 15. Be2 Bf5 16. Rhe1 Bg6 17. Bb5 0-0-0 18. Bxc6 Qc5 19. Ba4 f6 20. Bb3 Rf7 21. Qh6 Rc7 22. Rd2 a5 23. Qh4 Rd6 24. f4 e4 25. Qg3 d4 26. Rdd1 d3 27. c3 Kb8 28. f5 Bxf5 29. Qf4 Ka7 30. g4 Bg6 31. h4 Qb6 32. h5 Be8 33. Qxe4 Rd4 34. Qxe8 a4 35. Bxa4 Rdc4 36. Bb3 R4c5 37. Re7 Qd6 38. Rxc7+ Rxc7 39. Qe3+ Kb8 40. Qxd3 1-0

[Event "Kerkinitida Cup Blitz"]
[Site "Evpatoria"]
[Date "2023.09.03"]
[Round "1"]
[White "Kovalenko, Vasiliy"]
[Black "Truskavetsky, Alexandr"]
[Result "0-1"]
[WhiteElo "1302"]
[BlackElo "2348"]
[PlyCount "86"]
[EventDate "2023.09.03"]
[EventType "swiss (blitz)"]
[EventRounds "13"]
[EventCountry "UKR"]
[SourceTitle "EXT 2024"]
[Source "ChessBase"]
[SourceDate "2023.10.10"]
[SourceVersion "1"]
[SourceVersionDate "2023.10.10"]
[SourceQuality "1"]

1. e4 c5 2. Nf3 d6 3. Bc4 e6 4. d4 cxd4 5. Qxd4 a6 6. 0-0 Nc6 7. Qe3 Nf6 8. Nc3 Be7 9. b3 0-0 10. Bb2 Qa5 11. Ne2 Ne5 12. Nxe5 dxe5 13. Bc3 Qc7 14. Rad1 b5 15. Bd3 Bb7 16. Bb2 Rac8 17. c4 b4 18. Kh1 Nd7 19. Ng3 Bc5 20. Qe2 g6 21. f3 a5 22. Rd2 Bc6 23. Rfd1 a4 24. Bc2 axb3 25. axb3 Ra8 26. Bb1 f6 27. Nf1 Be7 28. Ne3 Nc5 29. Nd5 exd5 30. cxd5 Nxb3 31. d6 Bxd6 32. Rxd6 Ba4 33. Ba2 Kh8 34. Bxb3 Bxb3 35. Rd7 Bxd1 36. Qxd1 Rad8 37. Rxd8 Rxd8 38. Qe2 Qd6 39. h3 Qd1+ 40. Qxd1 Rxd1+ 41. Kh2 Rd2 42. Bc1 Rc2 43. Be3 b3 0-1